000 007370000a22002410004500
003 LK-CoMWRAF
005 20230921101230.0
008 230817t1991 ||||| |||| 00| 0 eng d
020 _a0201632217
040 _aLK-CoMWRAF
_dLK-CoMWRAF
_eLK-CoMWRAF
041 _aeng
082 _a297.12
_bMER
100 _aMernissi, Fatima
242 _aLe Harem politique
245 _aThe Veil and the Male Elite:
_bA Feminist Interpretation of Women's Rights in Islam
260 _aCambridge:
_bPerseus Books,
_c1991
300 _axi, 228 p. : map ; 25 cm.
_bIndex included
650 _aWOMEN IN THE HADITH
650 _aWomen in Islam
650 _aMuḼammad, Prophet-Views on women
700 _aLakeland, Mary Jo
_etrans.
942 _cBK
999 _c1553
_d1553